Statistiques concernant 20 joueurs qui ont marqué la coupe du monde - Partie 2

Cliquez ici pour prendre le quiz!

Statistiques générales

  • Ce quiz a été pris 89 fois
  • Le résultat moyen est 12 sur 20

Statistiques - réponses

DescriptionSélectionJoueur% Correct
Capitaine des Bleus en 1998, il remporte une deuxième fois
la coupe du monde, cette fois en tant que sélectionneur
FranceDidier Deschamps
96%
En 5 participations, un record, son bilan est mitigé au regard de sa carrière en club. On retiendra de lui un triplé face à l'Espagne en 2018.PortugalCristiano Ronaldo
95%
Buteur en finale de la coupe du monde 2006, ce n'est pas son seul fait d'arme lors de cette finale. Il aura réussi à faire sortir Zidane de son matchItalieMarco Materrazzi
95%
Finaliste en 2010, le Néerlandais marque un but d'anthologie de la tête en 2014 face à l'Espagne. Un but qui à sa place au panthéon du foot.Pays-BasRobin Van Persie
95%
Meilleur buteur de la coupe du monde 2014. Il est artisan du beau parcours de son pays avec des buts spectaculaires en l'absence de FalcaoColombieJames Rodriguez
92%
C'est un homme des grands rendez-vous. Champion du monde en 2022 avec un but en finale . Il a aussi marqué les esprits en 2014 où l'Albiceleste finit vice-championne du monde.ArgentineAngel Di Maria
91%
Vainqueur de la coupe du monde 2018. Il réalise aussi une très belle coupe du monde 2022 en tant que milieu offensif. Avec pour seul bémol: sa finale.FranceAntoine Griezmann
91%
Véritable légende de son pays, il réalise une coupe du monde 1974 d'anthologie jusqu'à la finale, où il passe au travers de son matchPays-BasJohan Cruyff
81%
Meilleur jeune en 2010, il remporte la coupe du monde en 2014 avec 5 buts, dont le premier du fameux 7-1 face au BrésilAllemagneThomas Muller
81%
Latéral droit d'exception, il dispute trois finales consécutives en 94, 98 et 2002 où il est capitaine de la Seleção.BrésilCafu
75%
Homme providentiel de sa sélection en 2010, il s'incline en finale contre l'Espagne. Il était un prétendant au Ballon d'Or cette année-làPays-BasWesley Sneijder
72%
Meilleur buteur de la coupe du monde 1998, il est le principal artisan de la première épopée croate en coupe du monde, marquée par une troisième placeCroatieDavor Suker
70%
Ballon d'or 1994. le Bulgare finit co-meilleur buteur de cette édition où son pays s'incline en demi-finaleBulgarieHristo Stoitchkov
44%
A domicile, il porte l'Albiceleste vers le titre en 1978. Il finit meilleur buteur de la compétition avec 6 réalisation dont 2 en finaleArgentineMario Kempes
28%
Finaliste de la coupe du monde 1954, il s'illustre lors de cette compétition avec 11 buts au compteur et une passe décisive en finaleHongrieSándor Kocsis
18%
Ballon d'or, l' "empereur" est meilleur jeune et co-meilleur buteur de la coupe du monde 62. Il jour un rôle majeur dans l'éliination du Brésil en 66HongrieFlorian Albert
16%
Joueur méconnu, co-meilleur buteur de la coupe du monde 1962. Il est champion du monde en 58 et 62, en marquant à chaque fois en finaleBrésilVava
13%
Ballon d'or 1962, le tchécoslovaque marque notamment en finale même si le Brésil s'impose. On retient aussi de lui son fair play après un match de poules face au Brésil, il devient alors "le chevalier du foot"TchécoslovaquieJosef Masopust
11%
Le "diamant noir" a marqué la coupe du monde 1938 de son empreinte. Meilleur buteur et auteur d'un triplé en huitièmes de finale dont un but sans ses chaussures. En quart il inscrit un doublé.BrésilLeonidas
8%
C'est un joueur aujourd'hui oublié sauf au Brésil et en Uruguay. En finale de la coupe du monde 1950, il réalise une passe décisive et un but, pour battre le Brésil 2 à 1 chez lui, devant 200 000 personnes au MaracanaUruguayElcides Ghiggia
3%

Distribution des résultats

Percentile par nombre de réponses

% des personnes avec chaque résultat

Votre développement - résultats

Vous n’avez pas pris ce quiz